|
|
|
|
| LEADER |
01413nam a2200337 a 4500 |
| 001 |
GR-Patra14418 |
| 008 |
990719s2000 gr g b 001 b eng d |
| 020 |
|
|
|a 0324007159
|
| 040 |
|
|
|a GrPaTEI
|b gre
|c GR-PaULI
|
| 040 |
|
|
|a GrPaTEI
|b gre
|c GR-PaULI
|
| 040 |
|
|
|a GrPaTEI
|b gre
|c GR-PaULI
|
| 044 |
|
|
|b oh
|
| 082 |
|
0 |
|a 658.403
|2 21
|
| 100 |
1 |
|
|a Camm, Jeffrey D.,
|d 1958-
|
| 245 |
1 |
0 |
|a Management science and decision technology /
|c Jeffrey D. Camm, James R. Evans.
|
| 246 |
1 |
4 |
|a Management science & decision technology
|
| 260 |
|
|
|a Cincinnati, Ohio :
|b South-Western College Publishing, Thomson Learning,
|c c2000
|
| 300 |
|
|
|a xiii, 390 σ. :
|b εικ. +
|e 1 CD-ROM
|
| 500 |
|
|
|a Περιέχει ένα CD-ROM
|
| 504 |
|
|
|a Περιλαμβάνει βιβλιογραφικές παραπομπές
|
| 650 |
|
0 |
|a Decision making
|x Mathematical models
|
| 650 |
|
0 |
|a Industrial management
|x Decision making
|
| 650 |
|
0 |
|a Industrial management
|x Mathematical models
|
| 650 |
|
0 |
|a Management science
|
| 650 |
|
0 |
|a Risk management
|
| 700 |
1 |
|
|a Evans, James R.
|q (James Robert),
|d 1950-
|
| 710 |
0 |
|
|a South-Western College Publishing
|
| 942 |
|
|
|2 ddc
|
| 952 |
|
|
|0 0
|1 0
|2 ddc
|4 0
|6 658_403000000000000_CAM
|7 0
|9 293458
|a LISK
|b LISK
|c BSC
|d 2021-01-17
|e 24
|f 0
|g 0.00
|l 0
|o 658.403 CAM
|p 92410016470
|r 2021-01-17 00:00:00
|t 1
|w 2021-01-17
|y BK15
|x 20020131 0 1
|x GrPaTEI
|
| 971 |
|
|
|a .b26619337
|b 15-04-20
|c 23-09-16
|
| 999 |
|
|
|c 171500
|d 171500
|